Missing Word: 20th Century Fox Quiz Stats

 Plays Quiz Updated Apr 14, 2018

Also try: Pixar Movies
Challenge
Share
Tweet
Embed
Score 0/20 Timer 04:00
1 Play Today
Movie Missing Word % Correct
The _____ Wears PradaDevil
96.1%
The _____ Horror Picture Show Rocky
96.1%
Alvin and the _____Chipmunks
95.2%
Mr. & Mrs. _____Smith
92%
Minority _____Report
89.6%
_____ Rouge!Moulin
88.8%
Wall _____Street
88.7%
_____ with the EnemySleeping
80.3%
_____ ClubFight
79.6%
The Shape of ____Water
77.2%
Movie Missing Word % Correct
The _____ in Our StarsFault
77%
Die Hard with a _____Vengeance
73.7%
Speed 2: _____ ControlCruise
72.2%
_____ and DayKnight
64.1%
27 _____Dresses
63.1%
DodgeBall: A True _____ StoryUnderdog
61.2%
The _____ ThiefBook
56%
The _____ of the NileJewel
49.3%
_____ to a KissPrelude
47.3%
_____: The Secret ServiceKingsman
46.6%

Today's Daily Dose

You're not logged in!

Compare scores with friends on all Sporcle quizzes.
Join for Free
OR
Log In

You Might Also Like...

Show Comments

Extras

Top Quizzes Today


Score Distribution

Your Account Isn't Verified!

In order to create a playlist on Sporcle, you need to verify the email address you used during registration. Go to your Sporcle Settings to finish the process.

Report this User

Report this user for behavior that violates our Community Guidelines.

Details: